[Event "Leipzig VfB op 23rd"]
[Site "Leipzig"]
[Date "2016.03.17"]
[Round "4"]
[White "Kuzmin, Yuriy"]
[Black "Grosse, Marcus"]
[Result "1-0"]
[WhiteElo "2183"]
[BlackElo "1953"]
[PlyCount "61"]
[EventDate "2016.03.15"]
[EventType "swiss"]
[EventRounds "9"]
[EventCountry "GER"]
[SourceTitle "EXT 2017"]
[Source "ChessBase"]
[SourceDate "2016.10.25"]
[SourceVersion "1"]
[SourceVersionDate "2016.10.25"]
[SourceQuality "1"]

1. d4 Nf6 2. c4 e6 3. Nf3 Bb4+ 4. Bd2 Qe7 5. g3 Nc6 6. Bg2 Bxd2+ 7. Qxd2 Ne4 8. Qc2 Qb4+ 9. Nc3 Nxc3 10. bxc3 Qxc4 11. 0-0 f5 12. Rfe1 0-0 13. e3 a5 14. Nd2 Qa6 15. Bf1 Qa7 16. e4 f4 17. e5 d6 18. exd6 cxd6 19. Ne4 e5 20. Nxd6 Be6 21. Bd3 h6 22. Rab1 fxg3 23. hxg3 Nxd4 24. cxd4 Qxd4 25. Rbd1 Kh8 26. Bf5 Bxf5 27. Nxf5 Qg4 28. Nh4 Ra6 29. Re4 Qh3 30. Rxe5 Rxf2 31. Re8+ 1-0

[Event "Leipzig VfB op 23rd"]
[Site "Leipzig"]
[Date "2016.03.17"]
[Round "5"]
[White "Pietzsch, Manuel"]
[Black "Grosse, Marcus"]
[Result "1/2-1/2"]
[WhiteElo "2127"]
[BlackElo "1953"]
[PlyCount "35"]
[EventDate "2016.03.15"]
[EventType "swiss"]
[EventRounds "9"]
[EventCountry "GER"]
[SourceTitle "EXT 2017"]
[Source "ChessBase"]
[SourceDate "2016.10.25"]
[SourceVersion "1"]
[SourceVersionDate "2016.10.25"]
[SourceQuality "1"]

1. e4 c5 2. Nf3 Nc6 3. d4 cxd4 4. Nxd4 g6 5. Nc3 Bg7 6. Nb3 Nf6 7. Be2 d6 8. h4 h5 9. Bf4 Be6 10. 0-0 0-0 11. Qd2 a6 12. Rad1 b5 13. f3 Re8 14. Qe3 Nd7 15. Bg3 Rc8 16. f4 Qb6 17. Bf2 Qxe3 18. Bxe3 1/2-1/2

[Event "Leipzig VfB op 21st"]
[Site "Leipzig"]
[Date "2014.03.06"]
[Round "5"]
[White "Grosse, Marcus"]
[Black "Thalwitzer, Bernd"]
[Result "1/2-1/2"]
[WhiteElo "1978"]
[BlackElo "1730"]
[PlyCount "53"]
[EventDate "2014.03.04"]
[EventType "tourn"]
[EventRounds "9"]
[EventCountry "GER"]
[SourceTitle "CBM 159 Extra"]
[Source "ChessBase"]
[SourceDate "2014.04.24"]
[SourceVersion "1"]
[SourceVersionDate "2014.04.24"]
[SourceQuality "1"]

1. e4 e6 2. d4 d5 3. Nd2 Nc6 4. Ngf3 Nf6 5. e5 Nd7 6. Be2 f6 7. exf6 Qxf6 8. Nf1 Be7 9. Bg5 Qf7 10. Bxe7 Qxe7 11. a3 0-0 12. Ne3 Qf7 13. 0-0 Re8 14. c4 Ne7 15. b4 c6 16. c5 Ng6 17. g3 e5 18. dxe5 Ndxe5 19. Nd4 Bh3 20. Re1 Rf8 21. f3 Rae8 22. Ng2 Ng4 23. Nc2 Bxg2 24. Kxg2 Ne3+ 25. Nxe3 Rxe3 26. Rf1 Rfe8 27. Ra2 1/2-1/2

[Event "Leipzig VfB op 19th"]
[Site "Leipzig"]
[Date "2012.03.11"]
[Round "9"]
[White "Grosse, Marcus"]
[Black "Herfurth, Thomas"]
[Result "1/2-1/2"]
[WhiteElo "1969"]
[BlackElo "1884"]
[PlyCount "22"]
[EventDate "2012.03.06"]
[EventType "swiss"]
[EventRounds "9"]
[EventCountry "GER"]
[SourceTitle "CBM 147 Extra"]
[Source "ChessBase"]
[SourceDate "2012.04.24"]
[SourceVersion "1"]
[SourceVersionDate "2012.04.24"]
[SourceQuality "1"]

1. e4 e6 2. d4 d5 3. e5 c5 4. c3 Qb6 5. Nf3 Bd7 6. a3 a5 7. b3 Nc6 8. Be2 Nh6 9. 0-0 cxd4 10. cxd4 Nf5 11. Bb2 Be7 1/2-1/2

[Event "Leipzig VfB op 19th"]
[Site "Leipzig"]
[Date "2012.03.08"]
[Round "4"]
[White "Richter, Leonard"]
[Black "Grosse, Marcus"]
[Result "1-0"]
[WhiteElo "1862"]
[BlackElo "1969"]
[PlyCount "111"]
[EventDate "2012.03.06"]
[EventType "swiss"]
[EventRounds "9"]
[EventCountry "GER"]
[SourceTitle "CBM 147 Extra"]
[Source "ChessBase"]
[SourceDate "2012.04.24"]
[SourceVersion "1"]
[SourceVersionDate "2012.04.24"]
[SourceQuality "1"]

1. e4 e5 2. Nf3 Nc6 3. d4 exd4 4. Nxd4 Bc5 5. Be3 Qf6 6. Nb5 Bxe3 7. fxe3 Kd8 8. N1c3 a6 9. Nxc7 Rb8 10. N7d5 Qe5 11. Be2 Nge7 12. Nxe7 Nxe7 13. Qd3 b5 14. 0-0-0 Kc7 15. Bg4 d6 16. Bxc8 Rbxc8 17. a4 Rb8 18. axb5 axb5 19. Nd5+ Nxd5 20. Qxd5 Qxd5 21. exd5 Rhe8 22. Rd3 b4 23. Kd2 Ra8 24. Rf1 f6 25. Rf4 Rab8 26. Rc4+ Kd7 27. Rdd4 Re5 28. Rxb4 Rxb4 29. Rxb4 Rxd5+ 30. Kc3 Kc6 31. Rh4 h5 32. Rc4+ Kd7 33. b4 g5 34. Rd4 Re5 35. Kd3 Rb5 36. Kc4 Re5 37. e4 Kc7 38. c3 Kc6 39. b5+ Kc7 40. Kb4 f5 41. exf5 Rxf5 42. Rd2 Re5 43. Ka5 Rc5 44. Rd3 Re5 45. h3 h4 46. g3 Re1 47. gxh4 gxh4 48. Kb4 Rh1 49. Kc4 Rh2 50. Kd5 Rh1 51. c4 Rh2 52. Ke6 Rh1 53. Kf5 Kb6 54. Rxd6+ Kc5 55. Rc6+ Kb4 56. Kg4 1-0

[Event "Leipzig VfB op 18th"]
[Site "Leipzig"]
[Date "2011.03.24"]
[Round "4"]
[White "Grosse, Marcus"]
[Black "Warns, Heiko"]
[Result "0-1"]
[WhiteElo "1968"]
[BlackElo "2171"]
[PlyCount "96"]
[EventDate "2011.03.20"]
[EventType "swiss"]
[EventRounds "9"]
[EventCountry "GER"]
[SourceTitle "CBM 141 Extra"]
[Source "ChessBase"]
[SourceDate "2011.05.03"]
[SourceVersion "1"]
[SourceVersionDate "2011.05.03"]
[SourceQuality "1"]

1. e4 c5 2. c3 d5 3. exd5 Qxd5 4. d4 e6 5. Na3 Nf6 6. Nb5 Qd8 7. dxc5 Bxc5 8. Qxd8+ Kxd8 9. Bf4 a6 10. Rd1+ Nbd7 11. Nd6 Ke7 12. Nf3 Nd5 13. Nxc8+ Raxc8 14. Bg3 f6 15. Be2 Nf8 16. 0-0 Ng6 17. Rfe1 Ndf4 18. Bf1 Rhd8 19. Nd2 Ba7 20. Nc4 e5 21. Na5 Rxd1 22. Rxd1 Rc7 23. Bxf4 Nxf4 24. g3 Ne6 25. Bg2 Nd8 26. Kf1 b5 27. a3 Bb6 28. Nb3 Nb7 29. Ke2 Nd6 30. Nd2 Ke6 31. Nb3 Nc4 32. Bd5+ Ke7 33. Bxc4 Rxc4 34. f3 f5 35. Nd2 Rc6 36. Nf1 Rh6 37. h4 Rg6 38. Rd2 h5 39. Kd3 Rd6+ 40. Ke2 Rxd2+ 41. Kxd2 Kd6 42. b3 Bc5 43. b4 Bb6 44. c4 bxc4 45. Kc3 Kd5 46. Nd2 Bd4+ 47. Kc2 Bf2 48. Nf1 f4 0-1

[Event "Brighton e2e4 Challengers-D"]
[Site "Brighton"]
[Date "2011.02.25"]
[Round "4"]
[White "Pataki, Zemplen"]
[Black "Grosse, Marcus"]
[Result "1/2-1/2"]
[WhiteElo "1821"]
[BlackElo "1937"]
[PlyCount "143"]
[EventDate "2011.02.23"]
[EventType "tourn"]
[EventRounds "9"]
[EventCountry "ENG"]
[SourceTitle "CBM 141 Extra"]
[Source "ChessBase"]
[SourceDate "2011.05.03"]
[SourceVersion "1"]
[SourceVersionDate "2011.05.03"]
[SourceQuality "1"]

1. e4 c5 2. c3 d5 3. exd5 Qxd5 4. d4 g6 5. Nf3 Bg7 6. dxc5 Qxc5 7. Be2 Nh6 8. Bf4 0-0 9. Nbd2 Nc6 10. h3 Nf5 11. 0-0 e5 12. Bh2 Rd8 13. Qc2 Nfd4 14. Qe4 Nxe2+ 15. Qxe2 Bf5 16. Nb3 Qe7 17. Rfd1 h6 18. Bg3 a5 19. a4 Be6 20. Nbd2 f6 21. Nc4 Qc5 22. Na3 f5 23. Qb5 b6 24. Qxc5 bxc5 25. Rxd8+ Rxd8 26. Re1 e4 27. Re2 Bb3 28. Nd2 Bd1 29. Kf1 Bxe2+ 30. Kxe2 g5 31. Bc7 Rd7 32. Nb5 Ne5 33. Bxe5 Bxe5 34. Nc4 Bc7 35. Nxc7 Rxc7 36. Nxa5 Kf7 37. Nc4 Ke6 38. b3 Rb7 39. Nd2 Kd5 40. g3 h5 41. Ke3 Rf7 42. a5 f4+ 43. gxf4 gxf4+ 44. Ke2 Rb7 45. Kd1 Ra7 46. Nc4 Ra6 47. Nb6+ Ke5 48. b4 cxb4 49. cxb4 Kd4 50. Kd2 h4 51. Ke2 f3+ 52. Kd2 Ra7 53. Na4 Kc4 54. Nc5 Kxb4 55. Nxe4 Rxa5 56. Ke3 Ra3+ 57. Kf4 Kc4 58. Nd2+ Kd3 59. Nxf3 Ke2 60. Nxh4 Kxf2 61. Nf5 Rxh3 62. Ke5 Kf3 63. Nd4+ Ke3 64. Nf5+ Kd3 65. Kd5 Rh5 66. Ke5 Kc4 67. Ke4 Rh8 68. Ne3+ Kc5 69. Kd3 Re8 70. Nc2 Kd5 71. Ne3+ Rxe3+ 72. Kxe3 1/2-1/2

[Event "Brighton e2e4 Challengers-D"]
[Site "Brighton"]
[Date "2011.02.24"]
[Round "2"]
[White "Merry, Alan B"]
[Black "Grosse, Marcus"]
[Result "1-0"]
[WhiteElo "1979"]
[BlackElo "1937"]
[PlyCount "115"]
[EventDate "2011.02.23"]
[EventType "tourn"]
[EventRounds "9"]
[EventCountry "ENG"]
[SourceTitle "CBM 141 Extra"]
[Source "ChessBase"]
[SourceDate "2011.05.03"]
[SourceVersion "1"]
[SourceVersionDate "2011.05.03"]
[SourceQuality "1"]

1. e4 c5 2. d3 g6 3. Be2 Bg7 4. c3 Nc6 5. Be3 b6 6. f4 Bb7 7. Nd2 d5 8. e5 d4 9. Bf2 f6 10. Ngf3 dxc3 11. bxc3 fxe5 12. fxe5 Nxe5 13. Nxe5 Bxe5 14. d4 cxd4 15. cxd4 Bf6 16. Bb5+ Kf8 17. Nf3 Qd5 18. Qe2 Rc8 19. 0-0 Kg7 20. Rac1 Nh6 21. Bc4 Rxc4 22. Qxc4 Qxc4 23. Rxc4 Ba6 24. Rc7 Bxf1 25. Kxf1 Ra8 26. Ne5 Bxe5 27. Rxe7+ Kf8 28. Rxe5 Ng4 29. Re4 Nxf2 30. Kxf2 Re8 31. Rf4+ Ke7 32. Ke3 Kd6+ 33. Kd3 Re7 34. Rf6+ Re6 35. Rf8 Re7 36. a4 Kd5 37. Rd8+ Kc6 38. d5+ Kc7 39. Rf8 Kd6 40. Kd4 Re1 41. Rd8+ Kc7 42. Ra8 Kb7 43. Rh8 Ra1 44. Rxh7+ Kb8 45. d6 Rxa4+ 46. Kd5 Kc8 47. Rg7 Rg4 48. g3 a5 49. Kc6 Rc4+ 50. Kxb6 a4 51. Kb5 Rd4 52. Kc5 Rg4 53. Ra7 Kd8 54. Kd5 Rb4 55. Ke5 g5 56. Ke6 Re4+ 57. Kf5 Rd4 58. Kxg5 1-0

[Event "Leipzig VfB op 16th"]
[Site "Leipzig"]
[Date "2009.04.02"]
[Round "4"]
[White "Grosse, Marcus"]
[Black "Shahin, Walid"]
[Result "1/2-1/2"]
[WhiteElo "1913"]
[BlackElo "2078"]
[PlyCount "92"]
[EventDate "2009.03.31"]
[EventType "swiss"]
[EventRounds "9"]
[EventCountry "GER"]
[SourceTitle "EXT 2010"]
[Source "ChessBase"]
[SourceDate "2010.11.25"]
[SourceVersion "1"]
[SourceVersionDate "2010.11.25"]
[SourceQuality "1"]

1. e4 c6 2. d4 d5 3. Nc3 dxe4 4. Nxe4 Bf5 5. Ng3 Bg6 6. Nf3 Nd7 7. h4 h6 8. h5 Bh7 9. Bd3 Bxd3 10. Qxd3 e6 11. Bf4 Ngf6 12. Ne4 Qa5+ 13. Bd2 Qd5 14. Nc3 Qd6 15. 0-0-0 Be7 16. g3 0-0-0 17. a3 Qc7 18. Ne4 Nxe4 19. Qxe4 Bd6 20. c4 c5 21. Kb1 Kb8 22. Qe2 Ka8 23. Bc3 cxd4 24. Rxd4 Nc5 25. Ka2 Na4 26. Bd2 Be7 27. b3 Nc5 28. Bc3 Nd7 29. Bb2 Bf6 30. Rd2 Bxb2 31. Kxb2 Nf6 32. Nd4 Qc5 33. b4 Qg5 34. Rd3 a6 35. f4 Qg4 36. Qe5 Nd7 37. Qc7 g5 38. Rhd1 Nb8 39. Qb6 Rc8 40. Nb5 axb5 41. Qa5+ Na6 42. cxb5 Qe2+ 43. R1d2 Qe1 44. Rd1 Qe2+ 45. R1d2 Qe1 46. Rd1 Qe2+ 1/2-1/2

[Event "Leipzig VfB op 15th"]
[Site "Leipzig"]
[Date "2008.03.02"]
[Round "9"]
[White "Grosse, Marcus"]
[Black "Konya, Attila Sr"]
[Result "1/2-1/2"]
[WhiteElo "1884"]
[BlackElo "1696"]
[PlyCount "35"]
[EventDate "2008.02.26"]
[EventType "swiss"]
[EventRounds "9"]
[EventCountry "GER"]
[SourceTitle "CBM 123 Extra"]
[Source "ChessBase"]
[SourceDate "2008.05.06"]
[SourceVersion "1"]
[SourceVersionDate "2008.05.06"]
[SourceQuality "1"]

1. e4 c5 2. Nf3 d6 3. d4 cxd4 4. Qxd4 a6 5. Be3 Nc6 6. Qb6 Qxb6 7. Bxb6 Nf6 8. Nc3 g6 9. Nd2 Bg7 10. 0-0-0 Nd7 11. Nd5 0-0 12. Be3 b5 13. Nb3 Bb7 14. f3 Rac8 15. Nd4 Rfe8 16. Kb1 Nxd4 17. Bxd4 Bxd5 18. exd5 1/2-1/2

[Event "Leipzig VfB op 15th"]
[Site "Leipzig"]
[Date "2008.02.29"]
[Round "5"]
[White "Grosse, Marcus"]
[Black "Sonntag, Hermann"]
[Result "1/2-1/2"]
[WhiteElo "1884"]
[BlackElo "2071"]
[PlyCount "26"]
[EventDate "2008.02.26"]
[EventType "swiss"]
[EventRounds "9"]
[EventCountry "GER"]
[SourceTitle "CBM 123 Extra"]
[Source "ChessBase"]
[SourceDate "2008.05.06"]
[SourceVersion "1"]
[SourceVersionDate "2008.05.06"]
[SourceQuality "1"]

1. e4 c5 2. Nf3 e6 3. d4 cxd4 4. Nxd4 Nf6 5. Nc3 Nc6 6. Ndb5 d6 7. Bf4 e5 8. Bg5 a6 9. Na3 b5 10. Nd5 Be7 11. Nxe7 Nxe7 12. Bxf6 gxf6 13. c4 Qa5+ 1/2-1/2

[Event "Leipzig VfB op 15th"]
[Site "Leipzig"]
[Date "2008.02.29"]
[Round "6"]
[White "Meissner, Felix"]
[Black "Grosse, Marcus"]
[Result "1/2-1/2"]
[WhiteElo "2047"]
[BlackElo "1884"]
[PlyCount "49"]
[EventDate "2008.02.26"]
[EventType "swiss"]
[EventRounds "9"]
[EventCountry "GER"]
[SourceTitle "CBM 123 Extra"]
[Source "ChessBase"]
[SourceDate "2008.05.06"]
[SourceVersion "1"]
[SourceVersionDate "2008.05.06"]
[SourceQuality "1"]

1. e4 c5 2. Nf3 d6 3. Bb5+ Bd7 4. Bxd7+ Qxd7 5. c4 Nc6 6. d4 cxd4 7. Nxd4 Nf6 8. Nc3 Nxd4 9. Qxd4 e6 10. Bg5 Be7 11. Rd1 a6 12. 0-0 Rd8 13. Rfe1 Qc7 14. h3 0-0 15. Rd3 e5 16. Qe3 Qxc4 17. Bxf6 Bxf6 18. Red1 Qe6 19. Qb6 Be7 20. Nd5 Bg5 21. Nc3 Be7 22. Nd5 Bg5 23. b3 Rd7 24. Nc3 Rfd8 25. Nd5 1/2-1/2

[Event "Leipzig VfB op 15th"]
[Site "Leipzig"]
[Date "2008.02.27"]
[Round "2"]
[White "Frotscher, Thomas"]
[Black "Grosse, Marcus"]
[Result "1-0"]
[WhiteElo "2174"]
[BlackElo "1884"]
[PlyCount "39"]
[EventDate "2008.02.26"]
[EventType "swiss"]
[EventRounds "9"]
[EventCountry "GER"]
[SourceTitle "CBM 123 Extra"]
[Source "ChessBase"]
[SourceDate "2008.05.06"]
[SourceVersion "1"]
[SourceVersionDate "2008.05.06"]
[SourceQuality "1"]

1. c4 b6 2. Nc3 Bb7 3. e4 e6 4. d4 Bb4 5. Bd3 f5 6. Qe2 Nc6 7. Nf3 fxe4 8. Bxe4 Nf6 9. Bd3 Bxc3+ 10. bxc3 0-0 11. 0-0 Kh8 12. Ba3 Rg8 13. Ng5 Qe8 14. f4 Nd8 15. Rae1 Qh5 16. Qxh5 Nxh5 17. Bxh7 Re8 18. Bg6 Nf6 19. Re3 Kg8 20. f5 1-0

[Event "Leipzig VfB op 13th"]
[Site "Leipzig"]
[Date "2006.03.16"]
[Round "5"]
[White "Baldauf, Marco"]
[Black "Grosse, Marcus"]
[Result "1-0"]
[WhiteElo "2131"]
[BlackElo "1886"]
[PlyCount "45"]
[EventDate "2006.03.14"]
[EventType "swiss"]
[EventRounds "9"]
[EventCountry "GER"]
[SourceTitle "EXT 2008"]
[Source "ChessBase"]
[SourceDate "2007.11.25"]
[SourceVersion "1"]
[SourceVersionDate "2007.11.25"]
[SourceQuality "1"]

1. e4 c5 2. Nf3 d6 3. d4 cxd4 4. Nxd4 Nf6 5. Nc3 g6 6. Be3 Bg7 7. f3 0-0 8. Qd2 Nc6 9. 0-0-0 d5 10. exd5 Nxd5 11. Nxc6 bxc6 12. Bd4 Nxc3 13. Qxc3 Bxd4 14. Rxd4 Qb6 15. h4 Be6 16. h5 Rad8 17. Rdh4 g5 18. h6 f6 19. Re4 Kf7 20. Qe1 c5 21. Bc4 Rd6 22. Rxe6 Rxe6 23. Qe4 1-0